000 00590nam a2200169Ia 4500
008 220216s9999 xx 000 0 und d
100 _aPrakash N S
245 0 _aMechanical and spectroscopic characterisation of rubber-metal assemblies
260 _bNatural Rubber: Current Developments in Product Manufacture and Applications: Proceedings of the International Rubber Technology Conferencce, Kuala Lumpur, 1993; p347-357
650 _aRubber
700 _aAlarcon-Lorca F
700 _aCharbonnier M
700 _aPortay S
700 _aRoche A
700 _aRomand M
942 _cJS
999 _c62706
_d62706